Countries With The Most Amount of Prisoners - Statistics

General Stats
  • This quiz has been taken 25 times
  • The average score is 11 of 15
Answer Stats
Rank # of Prisoners (not exact) Country % Correct
2 1,710,000 China
100%
1 2,094,000 United States
100%
4 478,600 India
91%
5 475,009 Russia
91%
3 759,518 Brazil
83%
14 120,000 Egypt
78%
11 189,000 Iran
78%
8 274,043 Indonesia
74%
9 215,232 Mexico
74%
6 309,282 Thailand
65%
7 281,094 Turkey
65%
13 123,697 Vietnam
65%
12 147,922 South Africa
57%
10 215,000 Philippines
52%
15 110,000 Ethiopia
26%
No matching quizzes found
Score Distribution
Percent of People with Each Score
Percentile by Number Answered
Your Score History
You have not taken this quiz